000 00244nam a2200097Ia 4500
001 1220561
005 20250827092813.0
008 250824s9999 xx 000 0 und d
245 0 _aUÇURTMA AVCISI
_cKHALED HOSSEINI
260 _bEVEREST YAYINLARI
999 _c1220561
_d1220561